[Event "AUTO-INT-2985"]
[Site "http://www.queenalice.com/game.php?id=1376370"]
[Date "2015.8.8"]
[Round "2"]
[White "Antakira"]
[Black "mp3"]
[Result "1-0"]
[WhiteElo "1792"]
[BlackElo "1720"]

1. g3 c5 2. e4 d6 3. Bg2 e5 4. c4 Nf6 5. Qa4+ Nbd7 6. Nc3 Be7 7. Nf3 O-O 8. O-O
Nb6 9. Qd1 Nxc4 10. d3 Nb6 11. a4 Nbd7 12. a5 a6 13. Ng5 h6 14. Nh3 Qe8 15. Na4
Bd8 16. Bd2 Bc7 17. b4 Qe7 18. Rc1 Bd8 19. f4 cxb4 20. Bxb4 Qe8 21. f5 Qe7 22.
d4 exd4 23. Qxd4 Re8 24. Bxd6 Qxe4 25. Qxe4 Rxe4 26. Bxe4 Nxe4 27. Rfe1 Nxd6 28.
Rf1 f6 29. Rcd1 Nf7 30. Rd5 Be7 31. Nb6 Nxb6 32. axb6 Ne5 33. Nf4 Bxf5 34. Nh5
1-0

[Event "AUTO-INT-2985"]
[Site "http://www.queenalice.com/game.php?id=1376371"]
[Date "2015.8.8"]
[Round "2"]
[White "mp3"]
[Black "Antakira"]
[Result "0-1"]
[WhiteElo "1734"]
[BlackElo "1778"]

1. e4 e5 2. Qh5 d6 3. Bc4 Qe7 4. Qd1 Nf6 5. d3 h6 6. Nf3 Be6 7. Bxe6 Qxe6 8. O-O
Nc6 9. Nc3 a6 10. Qd2 Be7 11. a3 g5 12. h3 g4 13. hxg4 Qxg4 14. Nh2 Qg6 15. g3
h5 16. b4 O-O 17. Qg5 Qg7 18. Qxg7+ Kxg7 19. Bg5 Rh8 20. Bh4 Ng4 21. Nxg4 hxg4
22. Bxe7 Nxe7 23. Nd1 Ng8 24. c4 Nf6 25. Ne3 Kg6 26. Nf5 Rh5 27. Ne7+ Kg7 28.
Nf5+ Kg6 29. Nh4+ Kh7 30. Kg2 b5 31. Rfc1 Rc8 32. Rf1 bxc4 33. dxc4 Nxe4 34.
Rfd1 Nc3 35. Rd2 f5 36. Rd3 Ne2 37. Re1 Nd4 0-1

[Event "AUTO-INT-2999"]
[Site "http://www.queenalice.com/game.php?id=1381510"]
[Date "2015.9.5"]
[Round "2"]
[White "valdekovic"]
[Black "Antakira"]
[Result "0-1"]
[WhiteElo "1885"]
[BlackElo "1804"]

1. d4 d5 2. Nf3 h6 3. Bf4 e6 4. Nbd2 Nc6 5. c3 Nf6 6. h3 Bd6 7. Bxd6 Qxd6 8. e3
a6 9. Bd3 O-O 10. O-O b5 11. Rc1 b4 12. e4 e5 13. dxe5 Nxe5 14. Nxe5 Qxe5 15. f4
Qe7 16. e5 Nh7 17. Nf3 Rd8 18. Qc2 g6 19. Nd4 Bb7 20. Rce1 c5 21. Nf3 a5 22. f5
Ra6 23. fxg6 fxg6 0-1

[Event "AUTO-INT-2999"]
[Site "http://www.queenalice.com/game.php?id=1381511"]
[Date "2015.9.5"]
[Round "2"]
[White "Antakira"]
[Black "valdekovic"]
[Result "1-0"]
[WhiteElo "1823"]
[BlackElo "1866"]

1. e4 c5 2. Bc4 Nc6 3. Nf3 e6 4. O-O Be7 5. d4 cxd4 6. Nxd4 Nf6 7. Nxc6 dxc6 8.
Qe2 e5 9. h3 O-O 10. a3 b5 11. Bb3 a6 12. c4 Bb7 13. Nd2 Qc7 14. Nf3 Rac8 15.
Nd2 Rfd8 16. cxb5 cxb5 17. f3 Nh5 18. Rd1 Qb6+ 19. Kh2 Bh4 20. Nf1 Qg6 21. Rxd8+
Rxd8 22. g4 Nf4 23. Bxf4 exf4 24. Bc2 h5 25. e5 hxg4 26. Bxg6 Bxf3 27. Bxf7+
Kxf7 28. e6+ Kg8 29. Qe5 g3+ 30. Kg1 1-0

[Event "AUTO-INT-2982"]
[Site "http://www.queenalice.com/game.php?id=1382157"]
[Date "2015.9.9"]
[Round "2"]
[White "michas"]
[Black "Antakira"]
[Result "0-1"]
[WhiteElo "1677"]
[BlackElo "1798"]

1. b4 e5 2. a3 d5 3. Bb2 e4 4. e3 Nf6 5. c4 dxc4 6. Bxc4 Bd6 7. Qb3 O-O 8. Nc3
Nbd7 9. Nge2 a6 10. Qc2 b5 11. Bb3 Bb7 12. O-O c5 13. bxc5 Nxc5 14. Ba2 Qd7 15.
Nd4 Be5 16. Nde2 Bxh2+ 17. Kh1 Bc7 18. Nd4 Qd6 19. g3 h5 20. Nce2 Bc8 21. Rac1
Bb6 22. Bc3 Bh3 23. Rg1 Nd3 24. Rb1 Nxf2+ 25. Kh2 N6g4# 0-1

[Event "AUTO-INT-2982"]
[Site "http://www.queenalice.com/game.php?id=1382158"]
[Date "2015.9.9"]
[Round "2"]
[White "Antakira"]
[Black "michas"]
[Result "1-0"]
[WhiteElo "1798"]
[BlackElo "1666"]

1. e4 e5 2. Nf3 Nc6 3. Be2 Bc5 4. O-O Nf6 5. d3 d5 6. c3 dxe4 7. dxe4 Nxe4 8.
Qxd8+ Nxd8 9. Nxe5 O-O 10. Nd3 Bb6 11. Be3 Nc6 12. Bf3 Nd6 13. Bxc6 bxc6 14. Nd2
Bxe3 15. fxe3 Re8 16. Rf3 Ne4 17. Nxe4 Rxe4 18. Re1 Ba6 19. Nc5 Re5 20. Nxa6 Rc8
21. Rd1 Re6 22. Nxc7 Re7 23. Na6 Rce8 24. a4 f6 25. b4 Re6 26. Nc7 1-0

[Event "AUTO-INT-2982"]
[Site "http://www.queenalice.com/game.php?id=1382163"]
[Date "2015.9.9"]
[Round "2"]
[White "Antakira"]
[Black "LuisGabriel_HD"]
[Result "0-1"]
[WhiteElo "1809"]
[BlackElo "1937"]

1. e4 e5 2. Nf3 Nc6 3. Bb5 Bc5 4. O-O d6 5. Bxc6+ bxc6 6. Re1 Qf6 7. d3 Qg6 8.
g3 h5 9. h4 Bg4 10. c4 f5 11. Qa4 Ne7 12. Bg5 Bxf3 13. exf5 Qxf5 0-1

[Event "AUTO-INT-2982"]
[Site "http://www.queenalice.com/game.php?id=1382164"]
[Date "2015.9.9"]
[Round "2"]
[White "LuisGabriel_HD"]
[Black "Antakira"]
[Result "0-1"]
[WhiteElo "1955"]
[BlackElo "1827"]

1. e4 e5 2. Nf3 Nc6 3. Bb5 Nge7 4. d3 h6 5. Nc3 a6 6. Bxc6 Nxc6 7. O-O Bc5 8.
Nd5 d6 9. h3 O-O 10. c3 b5 11. d4 Ba7 12. dxe5 Nxe5 13. Re1 Re8 14. a4 Nxf3+ 15.
Qxf3 Bd7 16. Be3 Bxe3 17. Rxe3 bxa4 18. Qh5 Re5 19. Qe2 c6 20. Nf4 c5 21. Rd1
Bc6 22. Nd3 Bb5 23. Qg4 h5 24. Qf4 Bxd3 25. Rdxd3 Rb8 26. Rg3 g5 27. Rdf3 Qe7
28. h4 g4 29. c4 Rxe4 30. Qg5+ Qxg5 31. hxg5 Re1+ 32. Kh2 gxf3 33. Rxf3 Kg7 34.
Rf6 Re6 35. Rf3 Rxb2 36. Kg3 Rb3 37. Kh4 Rxf3 38. gxf3 Kg6 39. f4 a3 40. f5+
Kxf5 41. Kxh5 a2 42. Kh4 a1=Q 43. Kg3 Kxg5 44. Kf3 Qc3+ 45. Kg2 Re1 46. Kh2 Qe5+
47. Kg2 Qe4+ 48. Kg3 Re2 49. Kh3 Qg4+ 50. Kh2 Rxf2+ 0-1

[Event "AUTO-INT-2982"]
[Site "http://www.queenalice.com/game.php?id=1382165"]
[Date "2015.9.9"]
[Round "2"]
[White "Antakira"]
[Black "SMB51"]
[Result "1-0"]
[WhiteElo "1824"]
[BlackElo "1828"]

1. g3 e5 2. Bg2 d5 3. e4 d4 4. d3 h6 5. Nf3 Bg4 6. h3 Bh5 7. O-O Bd6 8. Qe1 Nf6
9. c3 Nc6 10. cxd4 exd4 11. e5 Nxe5 12. Nxe5 O-O 13. Bxb7 Rb8 14. Nc6 Qd7 15.
Nxb8 Qxh3 16. Bg2 Qf5 17. Nc6 Bf3 18. Nxd4 Qd5 19. Bxf3 Qxd4 20. Qe3 Bc5 21.
Qxd4 Bxd4 22. Nc3 c5 23. Be3 Bxe3 24. a4 Bd4 25. Rfe1 a5 26. Rac1 Rb8 27. Rc2
Nd7 28. Bc6 Ne5 29. Be4 g6 30. Nb5 f5 31. Bd5+ Kh8 32. Nxd4 cxd4 33. Rxe5 1-0

[Event "AUTO-INT-2982"]
[Site "http://www.queenalice.com/game.php?id=1382166"]
[Date "2015.9.9"]
[Round "2"]
[White "SMB51"]
[Black "Antakira"]
[Result "0-1"]
[WhiteElo "1784"]
[BlackElo "1809"]

1. e4 e5 2. Nf3 Nc6 3. Bc4 h6 4. a3 Bc5 5. O-O Nf6 6. d3 a6 7. Bd2 O-O 8. Nh4 d5
9. exd5 Nxd5 10. Qh5 Nf6 11. Qg6 Be6 12. Bxe6 fxe6 13. Bxh6 Rf7 14. Bg5 e4 15.
dxe4 Ne5 16. Bxf6 Qxf6 17. Qh5 Bxf2+ 18. Kh1 Qxh4 19. Qxe5 Bg3 20. Qxe6 Qxh2#
0-1

[Event "Challenge"]
[Site "http://www.queenalice.com/game.php?id=1387344"]
[Date "2015.10.4"]
[Round "-"]
[White "leoreis"]
[Black "Antakira"]
[Result "1-0"]
[WhiteElo "1886"]
[BlackElo "1844"]

1. e4 e5 2. Nf3 d6 3. Nc3 a6 4. Be2 Nf6 5. d3 h6 6. O-O Be7 7. Nd5 Nxd5 8. exd5
O-O 9. c4 c5 10. Bd2 b5 11. b3 b4 12. a3 Bf6 13. Ra2 Bf5 14. axb4 cxb4 15. Bxb4
a5 16. Qd2 a4 17. bxa4 e4 18. dxe4 Bxe4 19. Bc3 Na6 20. Bxf6 Qxf6 21. Qd4 Qxd4
22. Nxd4 Nc5 23. Rfa1 f5 24. f3 Bd3 25. Bxd3 Nxd3 26. Nb5 Rad8 27. a5 Nb4 28.
Ra4 Na6 29. Re1 Kf7 30. Re6 Nc5 31. Nxd6+ Kg8 32. Nb7 Nxb7 33. Re1 Ra8 34. Rea1
Ra6 35. Kf2 Rc8 36. Rc1 Rc5 37. Ke3 Kf7 38. Kd4 Raxa5 39. Rb4 Rc7 40. Rcb1 Ra7
41. Rb5 Nd6 42. Rc5 Re7 43. Rc6 Nb7 44. Rb2 Na5 45. Rcb6 Nb7 46. d6 Rd7 47. c5
Kf6 48. c6 Rxd6+ 49. Ke3 Ra3+ 50. Kf2 Nd8 51. c7 1-0

[Event "Challenge"]
[Site "http://www.queenalice.com/game.php?id=1388544"]
[Date "2015.10.10"]
[Round "-"]
[White "Antakira"]
[Black "Omar"]
[Result "0-1"]
[WhiteElo "1841"]
[BlackElo "1744"]

1. e4 e5 2. Nf3 Nc6 3. Bb5 a6 4. Bxc6 bxc6 5. Nxe5 Qe7 6. Ng4 Qxe4+ 7. Qe2 Qxe2+
8. Kxe2 d5 9. f3 Be7 10. Ne5 Bb7 11. d4 h6 12. Re1 Nf6 13. Kf1 O-O 14. Bf4 Bd6
15. Nc3 a5 16. Ne2 a4 17. a3 Rfd8 18. c4 dxc4 19. Red1 Nd5 20. g4 g5 21. Bd2 Kg7
22. Ng3 f6 23. Nxc4 Ba6 24. Rac1 Rab8 25. Kf2 Kg6 26. Na5 Rxb2 27. Nxc6 Re8 28.
Kg1 Ra2 29. Ne4 Bxa3 30. Rb1 Be2 31. Re1 Bxf3 32. Ba5 Rxe4 33. Rxe4 Bxe4 34. Re1
Bf3 35. h3 Nf4 36. Bxc7 Nxh3+ 0-1

[Event "OS INCLIVES"]
[Site "http://www.queenalice.com/game.php?id=1390218"]
[Date "2015.10.21"]
[Round "-"]
[White "adelio"]
[Black "Antakira"]
[Result "1-0"]
[WhiteElo "1574"]
[BlackElo "1830"]

1. d4 d5 2. e4 c6 3. e5 f6 4. Be2 g6 5. h4 fxe5 6. h5 Bg7 7. hxg6 hxg6 8. Rxh8
Bxh8 9. Nf3 e4 10. Nh4 Qd6 11. g3 Nd7 12. Nxg6 Qxg6 13. Bh5 1-0

[Event "OS INCLIVES"]
[Site "http://www.queenalice.com/game.php?id=1390219"]
[Date "2015.10.21"]
[Round "-"]
[White "Antakira"]
[Black "adelio"]
[Result "1-0"]
[WhiteElo "1848"]
[BlackElo "1708"]

1. e4 a6 2. Bc4 e6 3. a3 b5 4. Bb3 c5 5. d3 Nc6 6. Ne2 Be7 7. Bf4 g5 8. Bd2 Ra7
9. O-O h5 10. Ng3 Nf6 11. Bxg5 Ng4 12. Bxe7 Nxe7 13. Nc3 d6 14. h3 e5 15. Qf3
Ng6 16. Nd5 Nf4 17. Nxf4 exf4 18. Qxf4 Qb6 19. hxg4 hxg4 20. Nf5 Bxf5 21. Qxf5
Rc7 22. e5 d5 23. Qf6 Qxf6 24. exf6 c4 25. dxc4 dxc4 26. Ba2 Rh6 27. Rfe1+ Kf8
28. Re4 g3 29. Rf4 gxf2+ 30. Kxf2 Rc6 31. b3 Rhxf6 32. Kf3 Kg7 33. bxc4 Rxf4+
34. Kxf4 bxc4 35. Rd1 Kg6 36. c3 a5 37. Rd5 a4 38. Ra5 Rf6+ 39. Kg3 Rd6 40. Bb1+
Kh6 41. Rxa4 Rc6 42. Ba2 f5 43. Rxc4 Rg6+ 44. Kf3 Kg5 45. Bb1 Rf6 46. a4 Rb6 47.
Rb4 Rc6 48. c4 Rd6 49. Rb5 Rd1 50. Rxf5+ Kh6 51. Be4 Rd4 52. Rc5 Rd1 53. a5 Rf1+
54. Ke2 Rf7 55. a6 Re7 56. Ke3 Kg7 57. Rb5 Kf6 58. Kf4 Kg7 59. Rb7 Kf6 60. Rxe7
Kxe7 61. a7 Kd6 62. a8=Q Kc5 63. Qc6+ Kb4 64. Ke3 Kc3 65. Bd5 Kc2 66. Be4+ Kc3
67. Qa4 Kb2 68. Kd3 Kb1 69. Kc3+ Kc1 70. Qc2# 1-0

[Event "Challenge"]
[Site "http://www.queenalice.com/game.php?id=1393847"]
[Date "2015.11.12"]
[Round "-"]
[White "pedro2009"]
[Black "Antakira"]
[Result "1/2-1/2"]
[WhiteElo "1793"]
[BlackElo "1887"]

1. e4 e5 2. Nf3 d6 3. Bc4 h6 4. Nc3 Nf6 5. a3 Nc6 6. d3 a6 7. Bd2 b5 8. Ba2 Be7
9. Be3 O-O 10. h3 Nd4 11. Nxd4 exd4 12. Bxd4 c5 13. Be3 Bb7 14. Ne2 a5 15. c3 c4
16. dxc4 Bxe4 17. f3 Bc6 18. cxb5 Bxb5 19. Qb3 Rb8 20. Nd4 Bd7 21. Qc2 a4 22.
Bb1 h5 23. g4 g6 24. g5 Nh7 25. Ba2 Nxg5 26. Qxg6+ Kh8 27. Qh6+ Nh7 28. Bb1 f5
29. Rg1 Rg8 30. Nxf5 Bg5 31. Rxg5 Rxg5 32. Bxg5 Qxg5 33. Qxg5 Nxg5 34. Be4 d5
35. Bd3 Rxb2 36. Rb1 Nxf3+ 37. Kd1 Rd2+ 38. Kc1 Rxd3 39. Rb8+ Kh7 40. Rb7 Kg6
41. Ne7+ Kf7 42. Rxd7 Rxc3+ 43. Kb2 Rb3+ 44. Ka2 d4 45. Nc6+ Kf6 46. Nxd4 Nxd4
47. Rxd4 Rxh3 48. Rxa4 Rh2+ 49. Kb3 h4 50. Rg4 h3 51. a4 Rg2 52. Rh4 h2 53. a5
Rg3+ 54. Kb4 Rg4+ 55. Rxg4 h1=Q 56. Rc4 Qb7+ 57. Kc5 Qa6 58. Kb4 Ke5 59. Rc5+
Kd6 60. Rb5 Kc7 61. Rb6 Qd3 62. Kc5 Qa3+ 63. Kb5 Qb3+ 64. Kc5 Qa4 65. Rb5 Qa3+
66. Kc4 Qa2+ 67. Kb4 Kc6 68. Rc5+ Kd6 69. Rb5 Kc6 70. Rc5+ Kb7 71. Rb5+ Kc6
1/2-1/2

[Event "Challenge"]
[Site "http://www.queenalice.com/game.php?id=1394410"]
[Date "2015.11.16"]
[Round "-"]
[White "dontar"]
[Black "Antakira"]
[Result "0-1"]
[WhiteElo "1796"]
[BlackElo "1858"]

1. d4 Nf6 2. Nc3 c6 3. e4 d6 4. Bg5 Qb6 5. b3 h6 6. Bxf6 exf6 7. Bd3 Qxd4 8. Qd2
Qb6 9. Nge2 c5 10. Nd5 Qd8 11. h3 Be6 12. Bc4 Nc6 13. c3 Be7 14. Nxe7 Qxe7 15.
Rd1 Bxc4 16. bxc4 O-O 17. Qd5 Rad8 18. O-O Qe5 19. Rd2 Rd7 20. Rfd1 Rfd8 21. Qd3
Ne7 22. Qe3 f5 23. exf5 Qxe3 24. fxe3 Nxf5 25. Kf2 h5 26. e4 Ne7 27. Ng3 g6 28.
Ke3 f5 29. Kf4 fxe4 30. Nxe4 Rf8+ 31. Kg3 Nf5+ 32. Kh2 Ne3 33. Rxd6 Rxd6 34.
Rxd6 Nxc4 35. Rxg6+ Kh7 36. Rg5 b6 37. Rxh5+ Kg6 38. Rh4 Ne3 39. Ng3 Rf2 40. Kh1
Rxa2 41. Re4 Nd5 42. Rg4+ Kf7 43. Nf5 Nxc3 44. Nd6+ Ke7 45. Nb7 a5 46. Rc4 Nd5
47. Re4+ Kd7 48. h4 Kc7 49. Re5 Rd2 50. h5 Kxb7 51. h6 Nf6 52. Rf5 Rd6 53. Kh2
Ng4+ 54. Kh3 Nxh6 0-1

[Event "Challenge"]
[Site "http://www.queenalice.com/game.php?id=1397573"]
[Date "2015.12.7"]
[Round "-"]
[White "ArnoBlack"]
[Black "Antakira"]
[Result "1/2-1/2"]
[WhiteElo "1880"]
[BlackElo "1872"]

1. f4 d6 2. h3 e6 3. Nf3 d5 4. d4 Bd6 5. g3 Nf6 6. Nbd2 O-O 7. a3 c5 8. e3 c4 9.
c3 a6 10. Bg2 h6 11. O-O b5 12. b4 Bd7 13. Ne5 Nc6 14. Nxc6 Bxc6 15. Qe1 Qd7 16.
Nf3 Ne4 17. Ne5 Bxe5 18. fxe5 f5 19. Bxe4 fxe4 20. Bd2 Rxf1+ 21. Qxf1 Rf8 22.
Qg2 Qe7 23. Rf1 Ra8 24. h4 g5 25. Qh3 Rf8 26. Be1 gxh4 27. Qg4+ Qg5 28. Rxf8+
Kxf8 29. Qf4+ Qxf4 30. gxf4 Kg7 31. Bxh4 Kg6 32. Kh2 Kf5 33. Kh3 Be8 34. Kg3 Bh5
35. Bf6 Bg4 36. Kh4 h5 37. Bg5 Bf3 38. Kg3 Bg4 39. Kh4 Bf3 1/2-1/2

[Event "Challenge"]
[Site "http://www.queenalice.com/game.php?id=1399061"]
[Date "2015.12.16"]
[Round "-"]
[White "smcneil"]
[Black "Antakira"]
[Result "0-1"]
[WhiteElo "1955"]
[BlackElo "1850"]

1. e4 e5 2. Nf3 d6 3. d4 f6 4. d5 c6 5. c4 Nd7 6. Be3 c5 7. Be2 Ne7 8. Nc3 Ng6
9. Nb5 Be7 10. O-O O-O 11. a4 a5 12. b3 b6 13. Nd2 Nb8 14. Bh5 Nh8 15. Qf3 Bd7
16. Qg3 g6 17. Bg4 f5 18. exf5 Bxf5 19. Be2 Bh4 20. Qf3 Bd7 21. Qxf8+ Qxf8 22.
h3 Bxb5 23. axb5 Nd7 24. Bg4 Qe7 25. Nf3 Nf7 26. Bxd7 Qxd7 27. Nxh4 g5 28. Nf3
g4 29. Ng5 gxh3 30. Nxh3 Qf5 31. Rac1 a4 32. Ra1 a3 33. Rfd1 Qc2 34. Bg5 Qxb3
35. Rdc1 Ra4 36. Be3 Rxc4 37. Rxc4 Qxc4 38. Rxa3 Qxd5 39. Ra6 Qb7 40. Kh1 Nd8
41. Ng1 Nc6 42. Bd2 e4 43. Ne2 Nb8 44. Ra4 Nd7 45. Nc3 d5 46. Bf4 d4 47. Ne2 Qd5
48. Kg1 Qb3 49. Ra8+ Kf7 50. Ra7 Qxb5 51. Ng3 Qb1+ 52. Kh2 Ke6 53. Nh5 Qb5 54.
Ng3 Qd3 55. Nh5 Nf6 56. Nxf6 Kxf6 57. Rxh7 e3 58. Rh6+ Kf5 59. fxe3 dxe3 60. Bg3
Qb3 61. Rh8 Qf7 62. Rh4 Qb3 63. Rf4+ Ke6 64. Re4+ Kd5 65. Re5+ Kc6 66. Kh1 Qd3
67. Kh2 Kb5 68. Kh3 e2 69. Kh2 Ka6 70. Kh3 c4 71. Kh2 c3 72. Be1 c2 0-1

[Event "Challenge"]
[Site "http://www.queenalice.com/game.php?id=1399062"]
[Date "2015.12.16"]
[Round "-"]
[White "Antakira"]
[Black "smcneil"]
[Result "0-1"]
[WhiteElo "1883"]
[BlackElo "1941"]

1. d4 c5 2. d5 Nf6 3. Nc3 a6 4. f3 b5 5. e4 d6 6. Bd3 g6 7. b3 Bg7 8. Nge2 Nh5
9. O-O b4 10. Bd2 bxc3 11. Be3 O-O 12. Qe1 Qa5 13. a4 Nd7 14. f4 Nb6 15. f5 c4
16. Bxc4 Nxc4 17. bxc4 Bd7 18. Nd4 Nf6 19. Nb3 Qc7 20. Qe2 Nxe4 21. Nd4 Qc8 22.
fxg6 fxg6 23. Qd3 Nc5 24. Qxc3 Nxa4 25. Qd3 Nc5 26. Rxf8+ Qxf8 27. Qe2 Qb8 28.
c3 a5 29. Qf1 Qb2 30. Qe1 Qb8 31. Rb1 Qd8 32. Bg5 Bf6 33. Qe3 Bxg5 34. Qxg5 Bf5
35. Nxf5 Ne4 36. Qxe7 Qxe7 37. Nxe7+ Kg7 38. Nc6 Nxc3 39. Rb7+ Kh6 40. Nd4 a4
41. Nc2 Ne4 42. Na3 Ra6 43. g4 Nf6 44. h3 Kg5 45. Kg2 h5 46. gxh5 Kxh5 47. Kg3
g5 48. Rf7 Ne4+ 49. Kh2 Kg6 50. Rf8 Kg7 51. Rf1 Rb6 52. Rb1 Rb3 53. Ra1 Rb4 54.
Kg2 Nd2 55. c5 dxc5 56. d6 Rd4 57. Nb5 Rd3 58. Rxa4 Kf7 59. Ra7+ Kf6 60. Rc7 c4
61. d7 Ke7 62. Rc5 Kxd7 63. Rxg5 Ne4 64. Re5 Nd6 65. Na3 Rxa3 0-1

[Event "Challenge"]
[Site "http://www.queenalice.com/game.php?id=1400151"]
[Date "2015.12.23"]
[Round "-"]
[White "Antakira"]
[Black "pulrich"]
[Result "1-0"]
[WhiteElo "1872"]
[BlackElo "1847"]

1. e4 e5 2. Nf3 Qe7 3. Be2 g6 4. O-O Nf6 5. d3 d5 6. Bg5 d4 7. Na3 Bd7 8. Nc4
Nc6 9. a3 b5 10. Ncd2 h6 11. Bh4 g5 12. Bg3 g4 13. Nh4 a5 14. f3 h5 15. f4 Bh6
16. Nf5 Bxf5 17. exf5 exf4 18. Bxf4 Kd7 19. Qe1 Qc5 20. Bd1 Qxf5 21. Bxh6 Rae8
22. Qxe8+ Nxe8 23. Rxf5 Rxh6 24. Rxb5 Nd6 25. Rxh5 Rg6 26. Ne4 Ke6 27. Nxd6 cxd6
28. Be2 f5 29. Re1 Kf6 30. h3 g3 31. Bf3 Ne5 32. Rf1 Rg5 33. Be2 Kg6 34. Rh4 Nc6
35. Rh8 Kg7 36. Rc8 Ne7 37. Ra8 Nc6 38. Bf3 Ne5 39. Rxa5 Nxf3+ 40. Rxf3 Kg6 41.
Rd5 Kf6 42. Rxd4 Ke5 43. Rb4 d5 44. c4 dxc4 45. Rxc4 Kf6 46. a4 1-0

[Event "Challenge"]
[Site "http://www.queenalice.com/game.php?id=1403463"]
[Date "2016.1.10"]
[Round "-"]
[White "Antakira"]
[Black "pedro2009"]
[Result "0-1"]
[WhiteElo "1869"]
[BlackElo "1797"]

1. g3 e5 2. Bg2 d5 3. e4 d4 4. d3 Nf6 5. Ne2 Nc6 6. c4 dxc3 7. Nbxc3 Bb4 8. O-O
O-O 9. a3 Bc5 10. h3 Be6 11. b4 Bb6 12. Kh2 Nh5 13. Ng1 Nf6 14. Rb1 h6 15. Bb2
Nh7 16. Nf3 a6 17. b5 axb5 18. Nxb5 Na7 19. Bxe5 Nxb5 20. Rxb5 Rxa3 21. d4 Ng5
22. Nxg5 Qxg5 23. h4 Qg6 24. Bf4 Bc4 25. h5 Qc6 26. e5 Qxb5 27. Re1 Ra2 28. Be3
Rfa8 29. Bxb7 R8a3 30. Qf3 Bxd4 31. Kg2 Rxf2+ 32. Kxf2 Qb2+ 33. Kg1 Bxe3+ 34.
Rxe3 Ra1+ 0-1

[Event "AUTO-INT-2958"]
[Site "http://www.queenalice.com/game.php?id=1408415"]
[Date "2016.2.9"]
[Round "3"]
[White "Antakira"]
[Black "Thanasis"]
[Result "1-0"]
[WhiteElo "1881"]
[BlackElo "1736"]

1. e4 e6 2. e5 d5 3. d4 c5 4. c4 g6 5. Nf3 Bg7 6. Nc3 cxd4 7. Qxd4 Ne7 8. Bg5
O-O 9. cxd5 h6 10. Bxe7 Qxe7 11. Bc4 Rd8 12. d6 Qe8 13. Nb5 Nc6 14. Qe4 a6 15.
Nc7 Qf8 16. Nxa8 b5 17. Bxb5 Na5 18. Nc7 Bb7 19. Qb4 Bxf3 20. gxf3 Nb7 21. Nxa6
Bxe5 22. d7 Bd6 23. Qe4 Qg7 24. Rb1 Nc5 25. Nxc5 Bxc5 26. O-O f5 27. Qxe6+ 1-0

[Event "AUTO-INT-2958"]
[Site "http://www.queenalice.com/game.php?id=1408416"]
[Date "2016.2.9"]
[Round "3"]
[White "Thanasis"]
[Black "Antakira"]
[Result "0-1"]
[WhiteElo "1747"]
[BlackElo "1870"]

1. d4 d5 2. c4 dxc4 3. e3 b5 4. a4 c6 5. axb5 cxb5 6. Nc3 a6 7. Nxb5 Be6 8. Nf3
Nc6 9. Nc3 Bd5 10. Be2 Nf6 11. O-O e6 12. Nxd5 Qxd5 13. Bd2 Bd6 14. Qa4 O-O 15.
Bxc4 Qe4 16. Ng5 Bxh2+ 17. Kxh2 Qh4+ 18. Nh3 Nb8 19. Qc2 Ne4 20. Be1 Nd6 21. f3
Qd8 22. Nf4 Nxc4 23. Qxc4 Qb6 24. b3 Nc6 25. Rf2 h6 0-1